Między kompromisem a buntem
| Titel: | Między kompromisem a buntem : Sejm PRL VIII kandencji (1980-1985) : wybrane wystąpienia poselskie i sprawozdania / Opracowanie, wybór i przygotowanie do druku Maciej Łetowski, Tomasz Sikorski, Jacek Wojnicki |
|---|---|
| Verfasser: | |
| Beteiligt: | ; |
| Veröffentlicht: | Warszawa : Instytut Historyczny, Uniwersytet Szczecińskiego, Wydział Nauk Politycznych i Studiów Międzynarodowych Uniwersytetu Warszawskiego, 2025 |
| Umfang: | 488 Seiten |
| Format: | Buch |
| Sprache: | Polnisch |
| Schriftenreihe/ mehrbändiges Werk: |
Polska mniej znana 1944-1989 ; 21 |
| ISBN: | 9788382093964 |
alg: 54259226 001A $03004:04-03-26 001B $03004:10-03-26 $t09:44:07.000 001D $03004:10-03-26 001U $0utf8 001X $00 002@ $0Aau 002C $aText $btxt $2rdacontent 002D $aohne Hilfsmittel zu benutzen $bn $2rdamedia 002E $aBand $bnc $2rdacarrier 003@ $0542592266 004A $A978-83-8209-396-4 007A $0542592266 $aHEB 010@ $apol 010E $erda 011@ $a2025 013D $RQuellenforschung $#History Sources $#Sources $#Histoire Sources $#Sources $#Historia Fuentes $#Akten Formschlagwort $#Augenzeugenbericht Formschlagwort $#Texte Formschlagwort $#Historische Quelle $#Geschichtsquelle $#Quellensammlung $#Quellen $74135952-5 $8Quelle [Tsz] $9085503576 021A $aMiędzy kompromisem a buntem $dSejm PRL VIII kandencji (1980-1985) : wybrane wystąpienia poselskie i sprawozdania $hOpracowanie, wybór i przygotowanie do druku Maciej Łetowski, Tomasz Sikorski, Jacek Wojnicki 028A $BZusammenstellender $#Łętowski, Maciej Marek $#Letowski, Maciej $4com $71143635043 $8Łętowski, Maciej$Z1949- [Tp1] $9419847979 028C $BZusammenstellender $4com $7134072510 $8Sikorski, Tomasz$Z1975- [Tp3] $9197105688 028C $BZusammenstellender $4com $71077492421 $8Wojnicki, Jacek$Z1972- [Tp1] $9365297402 033A $pWarszawa $nInstytut Historyczny, Uniwersytet Szczecińskiego, Wydział Nauk Politycznych i Studiów Międzynarodowych Uniwersytetu Warszawskiego 034D $a488 Seiten 036E $aPolska mniej znana 1944-1989 $l21 044K $RPolen $RPolen $#Sejm Polen $#Polen, Diète $#Diète Polen $#Polen, Reichstag $#Reichstag Polen $#Polen, Sejm, Biuro Informacyjne $#Sejm Rzeczypospolitej Polskiej $71222742-0 $8Polen$bSejm [Tb1] $9042445779 044K $RPolitische Auseinandersetzung $#Legislative bodies Freedom of debate $#Parlements Liberté de parole $#Parlamentsdebatte $#Parlamentsdebatte $#Debatte Parlament $74173376-9 $8Parlamentsdebatte [Ts1] $9085804576 044K $#NSZZ "Solidarność" (Labor organization) $#Niezależny Samorządny Związek Zawodowy "Solidarność" $#"Solidarność" $#Solidarität Gewerkschaft $#Unabhängige Selbstverwaltete Gewerkschaft Solidarität $#USG Solidarität $#Independent Self-Governing Trade Union "Solidarity" $71089046-4 $8NSZZ "Solidarność" [Tb1] $9042279771 044K $RWandel $#Political development $#Développement politique $#Politischer Wandel $#politischer Wandel $#Systemveränderung $#Politische Entwicklung $#Politischer Wandel $#Systemtransformation Politik $#Systemwandel Politik $#Systemwechsel Politik $#Politische Entwicklung Politischer Wandel $74175047-0 $8Politischer Wandel [Ts1] $9085818038 045F $a909 $eDDC23BSB 045F/01 $a909 045F/03 $f09048 045F/03 $g438 045R $aGeschichte 1980-1985 046L $aMit einer Zusammenfassung in englischer Sprache lok: 54259226 24 exp: 54259226 24 1 #EPN 201B/01 $010-03-26 $t09:34:18.000 201C/01 $004-03-26 201U/01 $0utf8 203@/01 $01336125322 208@/01 $a10-03-26 $bz 209A/01 $a26.00733 $du $f050 $h26 00733 $x00 209C/01 $a26.00733 K $h26 00733 K 209G/01 $a75175493 $x00 220C/01 $ahae 247C/01 $8358050-7Marburg, Bibliothek des Herder-Instituts Marburg $9102600961
| LEADER | 00000cam a2200000 c 4500 | ||
|---|---|---|---|
| 001 | 542592266 | ||
| 003 | DE-603 | ||
| 005 | 20260310094407.0 | ||
| 007 | tu | ||
| 008 | 260304s2025 xx |||| | u00||u|pol c | ||
| 020 | |a 9788382093964 | ||
| 035 | |a (DE-599)HEB542592266 | ||
| 040 | |a DE-603 |b ger |c DE-603 |d DE-603 |e rda | ||
| 041 | |a pol | ||
| 082 | 0 | 4 | |8 1\u |a 909 |q DE-101 |2 23/BSB |
| 085 | |8 1\u |b 909 | ||
| 085 | |8 1\u |z 1 |s 09048 | ||
| 085 | |8 1\u |z 2 |s 438 | ||
| 100 | 1 | |a Łętowski, Maciej |d 1949- |e Zusammenstellender |4 com |0 (DE-603)419847979 |0 (DE-588)1143635043 |2 gnd | |
| 245 | 0 | 0 | |a Między kompromisem a buntem |b Sejm PRL VIII kandencji (1980-1985) : wybrane wystąpienia poselskie i sprawozdania |c Opracowanie, wybór i przygotowanie do druku Maciej Łetowski, Tomasz Sikorski, Jacek Wojnicki |
| 264 | 1 | |a Warszawa |b Instytut Historyczny, Uniwersytet Szczecińskiego, Wydział Nauk Politycznych i Studiów Międzynarodowych Uniwersytetu Warszawskiego |c 2025 | |
| 300 | |a 488 Seiten | ||
| 336 | |a Text |b txt |2 rdacontent | ||
| 337 | |a ohne Hilfsmittel zu benutzen |b n |2 rdamedia | ||
| 338 | |a Band |b nc |2 rdacarrier | ||
| 490 | 0 | |a Polska mniej znana 1944-1989 |v 21 | |
| 546 | |a Mit einer Zusammenfassung in englischer Sprache | ||
| 610 | 1 | 7 | |a Polen |b Sejm |2 gnd |0 (DE-588)1222742-0 |0 (DE-603)042445779 |
| 610 | 1 | 7 | |a NSZZ "Solidarność" |2 gnd |0 (DE-588)1089046-4 |0 (DE-603)042279771 |
| 648 | 7 | |a Geschichte 1980-1985 |2 gnd | |
| 650 | 7 | |a Parlamentsdebatte |0 (DE-588)4173376-9 |0 (DE-603)085804576 |2 gnd | |
| 650 | 7 | |a Politischer Wandel |0 (DE-588)4175047-0 |0 (DE-603)085818038 |2 gnd | |
| 655 | 7 | |a Quelle |2 gnd-content |0 (DE-588)4135952-5 |0 (DE-603)085503576 | |
| 700 | 1 | |a Sikorski, Tomasz |d 1975- |e Zusammenstellender |4 com |0 (DE-603)197105688 |0 (DE-588)134072510 |2 gnd | |
| 700 | 1 | |a Wojnicki, Jacek |d 1972- |e Zusammenstellender |4 com |0 (DE-603)365297402 |0 (DE-588)1077492421 |2 gnd | |
| 924 | 0 | |9 Mb 50 |a (DE-603)1336125322 |b DE-Mb50 |c HES |d c |g 26.00733 | |


